Проект в формате мультимедиа как одна из сред существования персоносферы творческой личности и группы; Ч. 1

Detalhes bibliográficos
Parent link:Ч. 1.— 2008.— С. 19-28
Autor principal: Песоцкая С. А. Светлана Александровна
Idioma:russo
Publicado em: 2008
Assuntos:
Formato: MixedMaterials Capítulo de Livro
KOHA link:https://koha.lib.tpu.ru/cgi-bin/koha/opac-detail.pl?biblionumber=164224

MARC

LEADER 00000naa2a2200000 4500
001 164224
005 20231031161202.0
035 |a (RuTPU)RU\TPU\book\178177 
090 |a 164224 
100 |a 20090902d2008 k y0rusy50 ca 
101 0 |a rus 
102 |a RU 
200 1 |a Проект в формате мультимедиа как одна из сред существования персоносферы творческой личности и группы  |f С. А. Песоцкая 
320 |a Библиогр.: 6 назв. 
463 0 |0 (RuTPU)RU\TPU\book\165018  |t Ч. 1  |v С. 19-28  |d 2008  |p 282 с. 
610 1 |a проектная работа 
610 1 |a творческая личность 
610 1 |a языковая подготовка 
610 1 |a группы 
610 1 |a мультимедиа 
610 1 |a мультимедийные комплекты 
610 1 |a зарубежная литература 
610 1 |a учебные дисциплины 
610 1 |a обучение 
610 1 |a иностранные языки 
610 1 |a труды учёных ТПУ 
700 1 |a Песоцкая  |b С. А.  |c доцент  |c кафедра лингвистики и переводоведения Томского политехнического университета  |g Светлана Александровна  |2 stltpush  |3 (RuTPU)RU\TPU\pers\24559 
801 1 |a RU  |b 63413507  |c 20090902 
942 |c BK